Housing and the European Community. Vol 4. West Germany (Record no. 98475)

MARC details
000 -LEADER
fixed length control field 00525cam a2200193 4500
008 - FIXED-LENGTH DATA ELEMENTS--GENERAL INFORMATION
fixed length control field 090401t1973 xxu||||| |||| 00| 0 eng d
020 ## - INTERNATIONAL STANDARD BOOK NUMBER
International Standard Book Number 0901502308
035 ## - SYSTEM CONTROL NUMBER
System control number (Sirsi) u95393
041 ## - LANGUAGE CODE
Language code of text/sound track or separate title eng
050 ## - LIBRARY OF CONGRESS CALL NUMBER
Classification number 301.54094
110 ## - MAIN ENTRY--CORPORATE NAME
Corporate name or jurisdiction name as entry element National Building Agency
9 (RLIN) 598
245 ## - TITLE STATEMENT
Title Housing and the European Community. Vol 4. West Germany
260 ## - PUBLICATION, DISTRIBUTION, ETC.
Place of publication, distribution, etc. London
Name of publisher, distributor, etc. National Building Agency
Date of publication, distribution, etc. 1973
300 ## - PHYSICAL DESCRIPTION
Extent 51p. map. 30cm. Sp
350 ## - PRICE (NR) (BK AM CF MU VM SE) [OBSOLETE]
Price 25
490 ## - SERIES STATEMENT
Series statement European Studies
Volume/sequential designation Part 2
942 ## - ADDED ENTRY ELEMENTS (KOHA)
Suppress in OPAC 0
948 ## - LOCAL PROCESSING INFORMATION (OCLC); SERIES PART DESIGNATOR (RLIN)
c (OCLC) 04/03/1997
Holdings
Withdrawn status Lost status Source of classification or shelving scheme Damaged status Not for loan Home library Current library Shelving location Date acquired Total Checkouts Full call number Barcode Date last seen Copy number Price effective from Koha item type
    Other/Generic Classification Scheme     London London Basement 13/12/2002   SHELF 132 95393-1001 06/08/2019 1 06/08/2019 Reference material